| 000 | 00561nam a22001817a 4500 | ||
|---|---|---|---|
| 003 | CEME | ||
| 005 | 20210628205016.0 | ||
| 008 | 210203b xxu||||| |||| 00| 0 eng d | ||
| 020 | _a1-58648-319-6 | ||
| 040 | _c. | ||
| 082 | _a956.7 ABU | ||
| 100 |
_aStrasser, Steven _973365 |
||
| 245 | _aThe abu ghraib investigations, the official reports of the independent panel and pentagon on the shocking prisoner anuse in iraq | ||
| 260 |
_aNEW YORK _bPLUTO PRESS _c2004 |
||
| 300 | _aXXV,172P | ||
| 650 |
_aTHE ABU GHRAIB INVESTIGATIONS _973366 |
||
| 942 |
_cBK _2ddc |
||
| 999 |
_c579128 _d579128 |
||